000 01334nam a2200241Ii 4500
003 JO-AjNU
005 20240626133007.0
008 230605s9999||||xx |||||||||||||| ||und||
040 _aJO-AjNU
_bara
_erda
_cJO-AjNU
041 _aara
050 1 4 _aHD37 2021
100 _aالرجوب، احمد محمد عواد
_eمعد
_965696
245 0 0 _aأثر المناخ التنظيمي على ضغوط العمل لدى العاملين في دائرة ضريبة الدخل والمبيعات في الاردن=The Impact of Organizationl Climate on Work Pressure of Employees in Income and Sales Tax Department in Jordan
_c/ اعداد احمد محمد عواد الرجوب ؛ اشراف علي فلاح الزعبي
264 3 1 _a2021
300 _a166 ورقة
336 _atext
_btxt
_2rdacontent
337 _aunmediated
_bn
_2rdamedia
338 _avolume
_bnc
_2rdacarrier
500 _aرسالة جامعية(اطروحة ماجستير) جامعة عجلون الوطنية ،كلية ادارة الاعمال،ادارة اعمال 2021، يحتوي على قائمة مراجع من ص148-156ص ويحتوي على ملاحق من ص 157-166ص
650 4 _aالتنظيم الاداري - ضريبة الدخل - الاردن
_961147
700 _aالزعبي، علي فلاح
_928684
_eمشرف
942 _2lcc
_cTHS
999 _c31188
_d31188